| 000 | 01043nac a22003257a 4500 | ||
|---|---|---|---|
| 001 | BR7701723 | ||
| 003 | BR-BrBNA | ||
| 005 | 20240105114032.0 | ||
| 008 | 230509b bl.|||m| |||| 00| 0 por d | ||
| 040 |
_aBR-BrBNA _bpor _cBiblioteca Nacional de Agricultura |
||
| 072 | _aF60 | ||
| 090 | _a1623 BR7701723 | ||
| 100 | 1 | _aOgata, T. | |
| 100 | 1 | _aVaz, R.L. | |
| 100 | 1 | _aFilgueira, F.A.R. | |
| 110 | 1 | _aEmpresa Goiana de Pesquisa Agropecuaria, Goiania, GO (Brasil) | |
| 245 | 1 | _aEfeito de niveis de boro na producao de couve-flor de verao em Anapolis [Brassica oleracea botrytis; Goias; Brasil] | |
| 260 | 3 |
_aGoiania, GO (Brasil): _cJul 1977. |
|
| 300 | _a11 p. | ||
| 490 |
_aComunicado Tecnico - Empresa Goiana de Pesquisa Agropecuaria (Brazil) _vno. 3 _x |
||
| 650 | _aFisiologia vegetal | ||
| 650 | _aCouve-flor | ||
| 650 | _aNutricao vegetal | ||
| 650 | _aBoro | ||
| 650 | _aRendimento | ||
| 650 | _aPulverizacao foliar | ||
| 650 | _aGoias | ||
| 909 |
_a202312 _bLúcia Elande _c55 _dLúcia Elande |
||
| 942 |
_2AGRIS _n0 _cMS |
||
| 999 |
_c267025 _d267025 |
||